| 000 | 01066nam a22002651a 4500 | ||
|---|---|---|---|
| 001 | 4792529 | ||
| 005 | 20110718130839.0 | ||
| 008 | 930601s1993 stk b 001 0deng d | ||
| 020 | _a0567096173 | ||
| 035 | _a(OCoLC)ocm28187820 | ||
| 035 | _9AWZ-0730 | ||
| 035 | _a(CONdb)98301 | ||
| 040 |
_aVUT _cVUT _dIDK _dCONdb |
||
| 245 | 0 | 0 |
_aChrist, church and society : essays on John Baillie and Donald Baillie / _cedited by David Fergusson. _h[Text] |
| 260 |
_aEdinburgh _bT&T Clark _c1993 |
||
| 300 | _avii, 300 p. ; 23 cm. | ||
| 504 | _a"Bibliography of principal writings" : p. 293-296. Includes bibliographical references and index. | ||
| 505 | 0 | _a"Bibliography of principal writings" : p. 293-296. Includes bibliographical references and index. | |
| 600 | 1 | 0 |
_aBaillie, D. M. _qDonald Macpherson),) - 188 _d7-1954. |
| 600 | 1 | 0 |
_aBaillie, John, _d1886-1960. |
| 610 | 2 | 0 |
_aChurch of Scotland _xDoctrines _xHistory _y20th century. |
| 650 | 0 |
_aTheologians _zScotland. |
|
| 650 | 0 |
_aTheology, Doctrinal _zScotland _xHistory _y20th century. |
|
| 700 | 1 | 0 | _aFergusson, David |
| 999 |
_c30989 _d30989 |
||